Kincső kalandjai

Bibliographic Details
Main Author: Hetényi, Andrea (Author)
Other Authors: Balázsy, Géza, 1959- (Illustrator)
Format: Book
Language:Hungarian
Published: Lučenec Plectrum c2003
Edition:1. kiad.
Subjects:

MARC

LEADER 00000nam a2200000 a 4500
001 vtls001467363
003 SK-MaSNL
005 20260301121843.0
008 240314s2003 xo a b 0 hun
015 |a SNBA2004/06-03204 
020 |a 8096880624 
035 |a SNK000422668 
035 |a urn:nbn:sk:snk-amls3i 
035 |a urn:nbn:sk:snk-am00c8yc 
035 |a 769B5484-DD7E-47C7-A2EA-90CD562D4A86 
040 |a SNK  |b slo  |c SNK  |e AACR2 
041 0 |a hun 
044 |a xo  |c SK 
072 7 |a 821.511.1  |x Ugrofínske literatúry  |2 konspekt 
072 7 |a 821-93  |x Literatúra pre deti a mládež  |2 konspekt 
080 |a 821.511.141-3  |2 1981 
080 |a 821-93  |2 1981 
100 1 |a Hetényi, Andrea  |4 aut  |9 311715 
245 1 0 |a Kincső kalandjai  |c Hetényi Andrea ; [illusztrálta: Balászy Géza] 
250 |a 1. kiad. 
260 |a Lučenec  |b Plectrum  |c c2003 
300 |a 48 s.  |b fareb. ilustr.  |c 28 cm 
500 |a Tir. aj slov. 
655 7 |a maďarské príbehy  |2 SNK  |9 70495 
655 7 |a publikácie pre deti  |2 SNK  |9 70148 
700 1 |a Balázsy, Géza,  |d 1959-  |4 ill  |9 88598 
919 |a 80-968806-2-4 
958 |a OND 
968 |d 821 
999 |c 730833  |d 732763 
952 |t P60, <03>, [BOOK], {603}  |a SNK  |b SNK  |y PREZ  |7 0  |p 17A0412127  |o snkSB 67984  |i snkKSP 1400/2004  |0 0  |1 0  |4 0  |d 2004-02-03  |f 1  |l 0  |r 2025-04-16 00:00:00  |w 2026-02-23 
952 |t P60, <04>, [BOOK], {604}  |a SNK  |b SNK  |y VYP  |7 0  |p 17A0412125  |o snkSB 67984 D1  |i snkKSP 1401/2004  |0 0  |1 0  |4 0  |d 2004-02-03  |l 0  |r 2005-01-02 00:00:00  |w 2026-02-23